000 00588nam a2200193Ia 4500
008 130807t2011 xxu||||| |||| 00| 0 sin d
041 _asin
080 _a8-31 (America)
_bLLO
100 _aLlosa,Mario Vargas
245 _aනිර්නාමික ඝාතකයා
246 _aNirnamika Ghathakaya
260 _aVidharshana
_aDehiwala
_c2011
300 _b168p, 21 cm
500 _aSinhalese translation of Mario Vargas Llosa's of Who Killed Palomini Molero
700 _aGunawardena,Indika
_etr.
942 _cBK
999 _c42791
_d42791
003 LK-CoDNM
040 _aLK-CoDNM
_dLK-CoDNM
_eLK-CoDNM